Animaux commençant par la lettre E - Statistiques

Statistiques générales
  • Ce quiz a été pris 124 fois
  • Le résultat moyen est 4 sur 9
Statistiques - réponses
Type de quiz Animal % Correct
Mammifère Élephant
89%
Mollusque Escargot
55%
Oiseau Émeu
52%
Crustacé Écrevisse
51%
Mammifère Écureuil
50%
Mammifère Élan
49%
Oiseau Épervier
36%
Animal marin Étoile de mer
17%
Insecte Éphémère
15%
Aucun quiz correspondant
Distribution des résultats
% des personnes avec chaque résultat
Percentile par nombre de réponses
Votre historique - résultats
Vous n’avez pas pris ce quiz